Business organisation and management (Record no. 5610)

MARC details
000 -LEADER
fixed length control field 00569cam a2200205ua 4500
008 - FIXED-LENGTH DATA ELEMENTS--GENERAL INFORMATION
fixed length control field 131210n ii |||gr||||Z||||||eng
040 ## - CATALOGING SOURCE
Transcribing agency MAIN
082 ## - DEWEY DECIMAL CLASSIFICATION NUMBER
Classification number 338.7
245 ## - TITLE STATEMENT
Title Business organisation and management
Statement of responsibility, etc. By S.S. Sarkar
250 ## - EDITION STATEMENT
Edition statement 3rd rev. & enlarged ed.
260 ## - PUBLICATION, DISTRIBUTION, ETC.
Place of publication, distribution, etc. Ludhiana:
Name of publisher, distributor, etc. Kalyani publishers,
Date of publication, distribution, etc. 1994.
300 ## - PHYSICAL DESCRIPTION
Extent viii,868p.
700 ## - ADDED ENTRY--PERSONAL NAME
Personal name Sarkar,S.A.,
Relator term
700 1# - ADDED ENTRY--PERSONAL NAME
Personal name Sharma,R.K.,
Relator term
700 1# - ADDED ENTRY--PERSONAL NAME
Personal name Gupta,Shashi k.,
Relator term
942 ## - ADDED ENTRY ELEMENTS (KOHA)
Koha item type Books
653 ## - INDEX TERM--UNCONTROLLED
Uncontrolled term Commerce
653 ## - INDEX TERM--UNCONTROLLED
Uncontrolled term Business organisation and management
Holdings
Withdrawn status Lost status Damaged status Not for loan Home library Current library Shelving location Date acquired Total Checkouts Full call number Barcode Date last seen Copy number Price effective from Koha item type
        Central Library, Naharkatiya College Central Library, Naharkatiya College General Stacks 19/09/2020   338.7 | SAR 13971 19/09/2020 1 19/09/2020 Books

Naharkatiya College © 2020. All rights reserved.

Powered By